[Event "24th Chicago Open"]
[Site "Wheeling, IL"]
[Date "2015.05.21"]
[Round "1"]
[White "Vibbert, Sean"]
[Black "Batista, Lazaro"]
[Result "0-1"]
[WhiteElo "2312"]
[BlackElo "2684"]
[PlyCount "84"]
[EventDate "2015.05.??"]
[EventType "swiss"]
[EventRounds "9"]
[EventCountry "USA"]
[Source "MonRoi"]

1. e4 e5 2. Nf3 Nc6 3. Bb5 Nf6 4. O-O Nxe4 5. Re1 Nd6 6. Nc3 Be7 7. Bf1 e4 8.
Nxe4 Nxe4 9. Rxe4 d5 10. Re1 Bg4 11. d4 Bxf3 12. Qxf3 Nxd4 13. Qg4 Ne6 14. Bd3
g6 15. Bh6 Qd7 16. Qf3 Bf8 17. c4 O-O-O 18. cxd5 Nd4 19. Qf6 Bxh6 20. Qxd4 Qxd5
21. Qxd5 Rxd5 22. Bc4 Rd2 23. Bxf7 Rxb2 24. Rad1 Bf4 25. Rd4 Bd6 26. Rh4 Bc5
27. Rf1 b5 28. g3 a5 29. a4 b4 30. Bxg6 Rf8 31. Bxh7 Rfxf2 32. Rxf2 Rxf2 33.
Kh1 b3 34. Rf4 Rd2 35. Rf3 b2 36. Rb3 Bb4 37. h4 c5 38. h5 c4 39. Rf3 c3 40.
Bf5+ Kc7 41. Rf4 c2 42. Rc4+ Kb6 0-1

[Event "24th Chicago Open"]
[Site "Wheeling, IL"]
[Date "2015.05.21"]
[Round "1"]
[White "Santarius, Erik"]
[Black "Nyzhnyk, Illia"]
[Result "0-1"]
[WhiteElo "2308"]
[BlackElo "2622"]
[PlyCount "60"]
[EventDate "2015.05.??"]
[EventType "swiss"]
[EventRounds "9"]
[EventCountry "USA"]
[Source "MonRoi"]

1. e4 e6 2. d4 d5 3. Nd2 c5 4. exd5 Qxd5 5. dxc5 Nf6 6. Ngf3 Qxc5 7. Bd3 Be7 8.
O-O O-O 9. Qe2 Nbd7 10. a3 Qc7 11. c4 b6 12. b3 Bb7 13. Bb2 Nh5 14. Be4 Rad8
15. Rfe1 Nc5 16. Be5 Qd7 17. Bxb7 Qxb7 18. Bd4 Nf4 19. Qe5 Rxd4 20. Qxd4 Nfd3
21. Qc3 Nxe1 22. Rxe1 Rd8 23. b4 Nd3 24. Re3 Qd7 25. g3 f5 26. Qb3 Kf8 27. Kg2
e5 28. Nb1 e4 29. Ne1 Bg5 30. f4 exf3+ 0-1

[Event "24th Chicago Open"]
[Site "Wheeling, IL"]
[Date "2015.05.21"]
[Round "1"]
[White "Naroditsky, Daniel"]
[Black "Shankar, Gauri"]
[Result "1/2-1/2"]
[WhiteElo "2622"]
[BlackElo "2307"]
[PlyCount "146"]
[EventDate "2015.05.??"]
[EventType "swiss"]
[EventRounds "9"]
[EventCountry "USA"]
[Source "MonRoi"]

1. d4 Nf6 2. c4 e6 3. Nc3 Bb4 4. e3 O-O 5. Bd3 d5 6. Nf3 c5 7. O-O dxc4 8. Bxc4
b6 9. a3 Bxc3 10. bxc3 Qc7 11. Bd3 Bb7 12. Bb2 Nbd7 13. Qe2 Be4 14. Nd2 Bxd3
15. Qxd3 Rac8 16. Rac1 Rfd8 17. e4 Qf4 18. Qe2 b5 19. g3 Qh6 20. f4 a6 21. a4
Rb8 22. axb5 axb5 23. Kh1 Qh3 24. e5 Nd5 25. Ne4 cxd4 26. cxd4 N7b6 27. Rf3 Nc4
28. g4 Qh4 29. Rg1 Qe7 30. f5 Nxb2 31. Qxb2 Qb7 32. Qg2 Qb6 33. Nc5 Ne7 34. Rf4
b4 35. Rgf1 Nd5 36. R4f3 Qc6 37. Kg1 b3 38. fxe6 fxe6 39. Nxb3 Qc4 40. Qf2 h6
41. Nc5 Nb4 42. h3 Nc6 43. Rf7 Nxd4 44. Nb7 Ne2+ 45. Kh2 Rd2 46. Nd6 Ng3 47.
Nxc4 Nxf1+ 48. Kg1 Rxf2 49. Rxf2 Rb4 50. Rc2 Ng3 51. Nd6 Ne4 52. Rc8+ Kh7 53.
Rc7 Ng5 54. Ne8 Nxh3+ 55. Kh2 Ng5 56. Rxg7+ Kh8 57. Rc7 Kg8 58. Nf6+ Kf8 59.
Kg3 Ne4+ 60. Kf3 Nxf6 61. exf6 e5 62. Re7 Rf4+ 63. Kg3 Rxf6 64. Rxe5 Kg7 65.
Ra5 Kg6 66. Kh4 Rb6 67. Rc5 Rd6 68. Rc8 Ra6 69. Rg8+ Kf7 70. Rc8 Kg6 71. Rc4
Rb6 72. Kg3 Ra6 73. Kf4 Rf6+ 1/2-1/2

[Event "24th Chicago Open"]
[Site "Wheeling, IL"]
[Date "2015.05.21"]
[Round "1"]
[White "Colas, Joshua"]
[Black "Stukopin, Andrey"]
[Result "0-1"]
[WhiteElo "2292"]
[BlackElo "2573"]
[PlyCount "92"]
[EventDate "2015.05.??"]
[EventType "swiss"]
[EventRounds "9"]
[EventCountry "USA"]
[Source "MonRoi"]

1. d4 Nf6 2. c4 e6 3. Nc3 Bb4 4. e3 O-O 5. Bd3 d5 6. Nf3 c5 7. O-O Nc6 8. a3
Bxc3 9. bxc3 dxc4 10. Bxc4 Qc7 11. Qe2 e5 12. d5 e4 13. dxc6 Bg4 14. cxb7 Qxb7
15. Qb2 Qxb2 16. Bxb2 exf3 17. h3 fxg2 18. Kxg2 Bf5 19. f3 Rab8 20. Rf2 Nd7 21.
e4 Be6 22. Bf1 Rb3 23. a4 Rfb8 24. Bb5 a6 25. Bxd7 Bxd7 26. Ra2 Be6 27. Ba1 h5
28. h4 Rd8 29. Rad2 Rxd2 30. Rxd2 Ra3 31. Bb2 Rxa4 32. Kf2 a5 33. Ke2 Ra2 34.
Kd3 f6 35. f4 f5 36. e5 Ra4 37. Ke3 Kf7 38. Rd6 Ra2 39. Rb6 a4 40. c4 a3 41.
Bc3 Rh2 42. Rb7+ Kg8 43. Rb8+ Kh7 44. Rb6 Bxc4 45. e6 a2 46. Rb7 Rh3+ 0-1

[Event "24th Chicago Open"]
[Site "Wheeling, IL"]
[Date "2015.05.21"]
[Round "1"]
[White "Corallo, Michael"]
[Black "Troff, Kayden"]
[Result "0-1"]
[WhiteElo "2285"]
[BlackElo "2556"]
[PlyCount "64"]
[EventDate "2015.05.??"]
[EventType "swiss"]
[EventRounds "9"]
[EventCountry "USA"]
[Source "MonRoi"]

1. e4 c5 2. Nf3 d6 3. d4 cxd4 4. Nxd4 Nf6 5. Nc3 a6 6. Bg5 Nbd7 7. Bc4 Qb6 8.
Bb3 e6 9. Qd2 Be7 10. O-O-O Nc5 11. Rhe1 O-O 12. f4 h6 13. h4 Nxb3+ 14. axb3
Qc5 15. Qe2 Bd7 16. Kb1 Rfd8 17. e5 dxe5 18. fxe5 hxg5 19. hxg5 Nh7 20. Qh5
Bxg5 21. Nf3 Bh6 22. Ne4 Qe7 23. Nd6 Be8 24. Qg4 f5 25. Qb4 Bh5 26. Rd4 Bxf3
27. gxf3 Ng5 28. Qc4 Nxf3 29. Nxf5 Qf7 30. Nxh6+ gxh6 31. Rg4+ Kh8 32. Rh1 Nd2+
0-1

[Event "24th Chicago Open"]
[Site "Wheeling, IL"]
[Date "2015.05.21"]
[Round "1"]
[White "Holt, Conrad"]
[Black "Krishnan, Varun"]
[Result "1-0"]
[WhiteElo "2533"]
[BlackElo "2261"]
[PlyCount "53"]
[EventDate "2015.05.??"]
[EventType "swiss"]
[EventRounds "9"]
[EventCountry "USA"]
[Source "MonRoi"]

1. d4 d5 2. c4 e6 3. Nc3 Be7 4. Nf3 Nf6 5. Bf4 O-O 6. e3 b6 7. Be2 c5 8. cxd5
Nxd5 9. Nxd5 exd5 10. O-O Nc6 11. b3 Bb7 12. Rc1 Rc8 13. Ne5 Nxe5 14. Bxe5 Bd6
15. Bg3 Qf6 16. Bxd6 Qxd6 17. Bf3 Ba6 18. dxc5 bxc5 19. Bxd5 Qg6 20. Re1 Rfd8
21. Qf3 Rc7 22. e4 Qg5 23. Red1 Bc8 24. b4 c4 25. Rxc4 Rcd7 26. Rcd4 Kf8 27.
Be6 1-0

[Event "24th Chicago Open"]
[Site "Wheeling, IL"]
[Date "2015.05.21"]
[Round "1"]
[White "Friedel, Joshua"]
[Black "Harper, Ryan"]
[Result "1-0"]
[WhiteElo "2505"]
[BlackElo "2246"]
[PlyCount "73"]
[EventDate "2015.05.??"]
[EventType "swiss"]
[EventRounds "9"]
[EventCountry "USA"]
[Source "MonRoi"]

1. d4 d5 2. c4 c6 3. Nf3 Nf6 4. Nc3 dxc4 5. a4 Bf5 6. e3 e6 7. Bxc4 Bb4 8. O-O
Nbd7 9. Qe2 Bg6 10. e4 O-O 11. Bd3 Bh5 12. e5 Nd5 13. Nxd5 cxd5 14. Qe3 Be7 15.
Bd2 a5 16. Bc3 Nb8 17. Ne1 Bg6 18. f4 Bxd3 19. Qxd3 Nc6 20. f5 exf5 21. Qxf5
Qb6 22. Nc2 g6 23. Qf4 f6 24. exf6 Bxf6 25. Qd6 Rad8 26. Qe6+ Kg7 27. Rf2 Qb3
28. Raf1 Rde8 29. Qd6 Rd8 30. Qe6 Rde8 31. Qh3 Qc4 32. Ne3 Qxa4 33. Nxd5 Bxd4
34. Nb6 Qb5 35. Qd7+ Kh6 36. Bxd4 Nxd4 37. Qxb5 1-0

[Event "24th Chicago Open"]
[Site "Wheeling, IL"]
[Date "2015.05.21"]
[Round "1"]
[White "Mitkov, Nikola"]
[Black "Menon, Gopal"]
[Result "1/2-1/2"]
[WhiteElo "2479"]
[BlackElo "2227"]
[PlyCount "60"]
[EventDate "2015.05.??"]
[EventType "swiss"]
[EventRounds "9"]
[EventCountry "USA"]
[Source "MonRoi"]

1. e4 c5 2. Nc3 e6 3. Nf3 d6 4. d4 cxd4 5. Nxd4 Nf6 6. Be3 a6 7. f4 b5 8. Bd3
Bb7 9. Qf3 Nbd7 10. O-O Be7 11. Rae1 O-O 12. Nb3 e5 13. a3 Rc8 14. Kh1 Re8 15.
Qh3 Bf8 16. fxe5 dxe5 17. Bg5 h6 18. Bh4 Be7 19. Rf5 g6 20. Rff1 Nh5 21. Bxe7
Qxe7 22. Na5 Ba8 23. Nd5 Bxd5 24. exd5 Nc5 25. Bf5 Rc7 26. b4 Nb7 27. Bg4 Nxa5
28. Bxh5 Nb7 29. Be2 Kg7 30. Bd3 Nd6 1/2-1/2

[Event "24th Chicago Open"]
[Site "Wheeling, IL"]
[Date "2015.05.21"]
[Round "1"]
[White "Kiewra, Keaton"]
[Black "Kogen, Jonathan"]
[Result "1-0"]
[WhiteElo "2394"]
[BlackElo "2172"]
[PlyCount "117"]
[EventDate "2015.05.??"]
[EventType "swiss"]
[EventRounds "9"]
[EventCountry "USA"]
[Source "MonRoi"]

1. d4 Nf6 2. Nf3 g6 3. Nbd2 d5 4. b4 Bg7 5. e3 Bf5 6. Be2 O-O 7. O-O a5 8. b5
c5 9. bxc6 Nxc6 10. c4 Nb4 11. Ne1 Ne4 12. Nxe4 Bxe4 13. a3 Nc6 14. Bb2 dxc4
15. Bxc4 a4 16. Nd3 b6 17. Rc1 Qd6 18. Qg4 Bxd3 19. Bxd3 Ne5 20. Qe2 Nxd3 21.
Qxd3 e5 22. Rc4 exd4 23. Bxd4 Rfd8 24. Rd1 Qe6 25. g3 Rd5 26. Rb1 b5 27. Rcb4
Rad8 28. Rxb5 Bxd4 29. Rxd5 Qxd5 30. Rd1 Qb3 31. exd4 Rd5 32. h4 Kf8 33. Kg2
Qxd3 34. Rxd3 Ke7 35. Kf3 Kd6 36. Ke4 f5+ 37. Ke3 Rb5 38. Rc3 Kd5 39. Kd3 h6
40. f3 g5 41. h5 g4 42. fxg4 fxg4 43. Ke3 Kd6 44. Kf4 Rb3 45. Rc8 Rxa3 46. Rh8
Rd3 47. Rxh6+ Kd5 48. Kxg4 Rxd4+ 49. Kf5 Kc4 50. Ra6 Kb3 51. h6 a3 52. h7 Rd8
53. g4 a2 54. g5 Rd5+ 55. Ke4 Rd8 56. g6 Rd6 57. Rxa2 Kxa2 58. g7 Re6+ 59. Kf5
1-0

[Event "24th Chicago Open"]
[Site "Wheeling, IL"]
[Date "2015.05.21"]
[Round "1"]
[White "Inapuri, Ramya"]
[Black "Homa, Seth"]
[Result "0-1"]
[WhiteElo "2142"]
[BlackElo "2366"]
[PlyCount "106"]
[EventDate "2015.05.??"]
[EventType "swiss"]
[EventRounds "9"]
[EventCountry "USA"]
[Source "MonRoi"]

1. d4 Nf6 2. c4 d6 3. Nc3 e5 4. dxe5 dxe5 5. Qxd8+ Kxd8 6. Bg5 Be6 7. O-O-O+
Nbd7 8. Nf3 Kc8 9. e3 c6 10. Bh4 Bb4 11. Nb1 h6 12. Nbd2 Re8 13. h3 a5 14. a3
Bd6 15. Bd3 Bc7 16. b3 Nc5 17. Bc2 Nfd7 18. Bg3 f5 19. Bh2 Rb8 20. Kb2 b5 21.
cxb5 Rxb5 22. Kc3 Nf6 23. Nxe5 Bxb3 24. Bxb3 Nce4+ 25. Kc2 Bxe5 26. Nc4 Nxf2
27. Bxe5 Rexe5 28. Nd6+ Kc7 29. Nxb5+ cxb5 30. Rhe1 Nxd1 31. Kxd1 Ne4 32. Kc2
Nc5 33. Ba2 h5 34. Kc3 h4 35. Kd4 Kd6 36. Bb1 Rd5+ 37. Kc3 Ke5 38. Rf1 g6 39.
Rf4 Na4+ 40. Kc2 g5 41. Rf3 Nc5 42. g4 hxg3 43. Rxg3 Ne4 44. Rg2 Rd8 45. Kb3
Nd2+ 46. Kc2 Nxb1 47. Kxb1 Rd3 48. Kb2 Rxe3 49. Rxg5 Rxh3 50. Rg8 b4 51. axb4
axb4 52. Rb8 b3 53. Kc1 Rd3 0-1

[Event "24th Chicago Open"]
[Site "Wheeling, IL"]
[Date "2015.05.22"]
[Round "2.1"]
[White "Batista, Lazaro"]
[Black "Jayaram, Ashwin"]
[Result "1/2-1/2"]
[WhiteElo "2684"]
[BlackElo "2466"]
[PlyCount "149"]
[EventDate "2015.05.??"]
[EventType "swiss"]
[EventRounds "9"]
[EventCountry "USA"]
[Source "MonRoi"]
[WhiteClock "0:00:11"]
[BlackClock "0:02:53"]

1. d4 d5 2. c4 c6 3. Nf3 Nf6 4. Nbd2 Bf5 5. Nh4 Be4 6. e3 e6 7. Be2 Bd6 8. O-O
O-O 9. g3 Nbd7 10. b3 Qe7 11. a3 Rfb8 12. Bb2 b5 13. Nxe4 Nxe4 14. Qc2 a5 15.
Bd3 f5 16. Nf3 Ra7 17. cxb5 cxb5 18. Rfc1 Rc7 19. Qd1 Rxc1 20. Qxc1 b4 21. axb4
Bxb4 22. Ba3 Qd8 23. Bxb4 Rxb4 24. Qa3 h6 25. Bxe4 fxe4 26. Nd2 Rb5 27. Rc1 Qf8
28. Qa2 Nf6 29. h3 Qb4 30. Rc7 a4 31. Qxa4 Qxa4 32. bxa4 Rb2 33. Nf1 Ra2 34.
Ra7 Nh7 35. Nh2 h5 36. a5 Nf6 37. g4 hxg4 38. Nxg4 Nxg4 39. hxg4 Kh7 40. Re7
Rxa5 41. Rxe6 g5 42. Kg2 Kg7 43. Rc6 Ra7 44. Rd6 Ra5 45. Kg3 Kf7 46. Rd7+ Kf6
47. Rc7 Ra3 48. Rd7 Ra5 49. Rd8 Kf7 50. Rd6 Rb5 51. Ra6 Rb3 52. Kg2 Rb2 53. Ra3
Ke6 54. Kg3 Rb1 55. Ra6+ Kf7 56. Rd6 Rb5 57. Kg2 Ra5 58. Rb6 Ra2 59. Rb3 Ke6
60. Rb1 Kf7 61. Kg3 Ra3 62. Re1 Ke6 63. Re2 Ra1 64. Kg2 Rb1 65. Rc2 Rb3 66.
Rc6+ Kf7 67. Rd6 Rb5 68. Ra6 Rb3 69. Ra7+ Kf6 70. Ra8 Kf7 71. Ra6 Rb2 72. Rh6
Ra2 73. Kg3 Ra3 74. Rc6 Rb3 75. Rd6 1/2-1/2

[Event "24th Chicago Open"]
[Site "Wheeling, IL"]
[Date "2015.05.22"]
[Round "2.3"]
[White "Nyzhnyk, Illia"]
[Black "Zapata, Alonso"]
[Result "1-0"]
[WhiteElo "2622"]
[BlackElo "2452"]
[PlyCount "97"]
[EventDate "2015.05.??"]
[EventType "swiss"]
[EventRounds "9"]
[EventCountry "USA"]
[Source "MonRoi"]
[WhiteClock "1:09:42"]
[BlackClock "0:21:12"]

1. d4 Nf6 2. Nf3 g6 3. c4 Bg7 4. g3 O-O 5. Bg2 d6 6. O-O Nbd7 7. Nc3 e5 8. e3
c6 9. a4 a5 10. b3 Re8 11. Ba3 exd4 12. exd4 Nb6 13. h3 d5 14. c5 Ne4 15. Nxe4
dxe4 16. Nd2 e3 17. fxe3 Nd5 18. Bxd5 Qxd5 19. Nc4 Bxh3 20. Rf2 Qg5 21. Qf3 f5
22. Rh2 Bg4 23. Qf4 Qe7 24. Bc1 Rad8 25. Bd2 g5 26. Qf1 Rxd4 27. exd4 Bxd4+ 28.
Rf2 Be2 29. Re1 Bxc5 30. Qh3 Bxf2+ 31. Kxf2 Qe4 32. Bxg5 Re6 33. Qh1 Qd3 34.
Ne3 Bg4 35. Qf1 Qxb3 36. Qc4 Qxc4 37. Nxc4 Rxe1 38. Kxe1 b5 39. axb5 cxb5 40.
Nxa5 Kf7 41. Nc6 Kg6 42. Bd2 Kh5 43. Ne5 Bh3 44. Kf2 Bg4 45. Bb4 Bd1 46. Ke3
Bc2 47. Kf4 Bb1 48. Bc3 Bc2 49. Nf3 1-0

[Event "24th Chicago Open"]
[Site "Wheeling, IL"]
[Date "2015.05.22"]
[Round "2.4"]
[White "Azarov, Sergei"]
[Black "Amanov, Mesgen"]
[Result "1-0"]
[WhiteElo "2619"]
[BlackElo "2445"]
[PlyCount "53"]
[EventDate "2015.05.??"]
[EventType "swiss"]
[EventRounds "9"]
[EventCountry "USA"]
[Source "MonRoi"]
[WhiteClock "1:15:50"]
[BlackClock "0:11:00"]

1. e4 c5 2. Nf3 d6 3. d4 cxd4 4. Nxd4 Nf6 5. Nc3 a6 6. Bg5 Nbd7 7. Bc4 Qb6 8.
O-O Qc5 9. Bd5 e6 10. Re1 Be7 11. Be3 Qa5 12. Bxe6 fxe6 13. Nxe6 Kf7 14. Ng5+
Kg8 15. b4 Qe5 16. Qd3 h6 17. f4 Qxc3 18. Qxc3 hxg5 19. fxg5 Ng4 20. Qb3+ Kf8
21. Rf1+ Ke8 22. Qf7+ Kd8 23. Qxg7 Re8 24. Bd4 b5 25. Rad1 Kc7 26. Rf7 Bd8 27.
Bb6+ 1-0

[Event "24th Chicago Open"]
[Site "Wheeling, IL"]
[Date "2015.05.22"]
[Round "2"]
[White "Li, Ruifeng"]
[Black "Avrukh, Boris"]
[Result "0-1"]
[WhiteElo "2426"]
[BlackElo "2609"]
[PlyCount "82"]
[EventDate "2015.05.??"]
[EventType "swiss"]
[EventRounds "9"]
[EventCountry "USA"]
[Source "MonRoi"]

1. e4 e5 2. Nf3 Nc6 3. d4 exd4 4. Nxd4 Bc5 5. Nb3 Bb6 6. Nc3 Nf6 7. Qe2 O-O 8.
Be3 d5 9. O-O-O d4 10. Nb5 dxe3 11. Rxd8 Rxd8 12. f3 Be6 13. Qe1 a5 14. Kb1
Bxb3 15. axb3 a4 16. Bc4 Rd2 17. Nc3 a3 18. Na4 axb2 19. Qg3 Nb4 20. c3 Nc2 21.
Kxb2 e2 22. e5 Ne3+ 23. Kb1 Rd1+ 24. Ka2 Nfd5 25. Re1 Nxc3+ 26. Kb2 Nxa4+ 27.
bxa4 Nxc4+ 28. Kb3 Nd2+ 29. Ka3 Bc5+ 30. Kb2 Nf1 31. Qh4 Rd4 32. Qh5 g6 33. Qg5
Rd2+ 34. Kb3 Ne3 35. e6 Rd3+ 36. Kb2 Bd4+ 37. Kb1 Rd1+ 38. Ka2 Rxe1 39. exf7+
Kxf7 40. Qf4+ Nf5 41. Qxc7+ Kf8 0-1

[Event "24th Chicago Open"]
[Site "Wheeling, IL"]
[Date "2015.05.22"]
[Round "2"]
[White "Stukopin, Andrey"]
[Black "Shen, Victor"]
[Result "1/2-1/2"]
[WhiteElo "2573"]
[BlackElo "2394"]
[PlyCount "109"]
[EventDate "2015.05.??"]
[EventType "swiss"]
[EventRounds "9"]
[EventCountry "USA"]
[Source "MonRoi"]

1. e4 e5 2. Bc4 Nf6 3. d3 c6 4. Nf3 d5 5. Bb3 Bb4+ 6. Bd2 Bxd2+ 7. Qxd2 O-O 8.
O-O Qd6 9. Re1 Bg4 10. Qe2 Nbd7 11. Nbd2 Rfe8 12. c3 Nh5 13. h3 Nf4 14. Qf1 Bh5
15. g3 Bxf3 16. Nxf3 Ne6 17. d4 dxe4 18. Rxe4 exd4 19. Bxe6 Rxe6 20. Rxd4 Qe7
21. Rad1 Nb6 22. Nh4 g6 23. Ng2 Re8 24. Ne3 h5 25. Qg2 Re5 26. Qf3 Qe6 27. g4
Kg7 28. b3 hxg4 29. hxg4 Qe7 30. Qg3 Re4 31. Rxe4 Qxe4 32. c4 Qe7 33. Kf1 Kg8
34. Qf4 Nd7 35. Qd4 Nc5 36. Re1 a6 37. Rd1 Qg5 38. Ke2 Ne6 39. Qd7 Rb8 40. Rd2
Kg7 41. Kd1 Qe5 42. Qe7 Qa1+ 43. Ke2 Nd4+ 44. Kd3 Nf3 45. Rd1 Qxa2 46. Ke4 Qxf2
47. g5 Kg8 48. Rd7 Nd2+ 49. Kd3 Nxb3 50. Kc3 Nc1 51. Ng4 Na2+ 52. Kb3 Nc1+ 53.
Kc3 Na2+ 54. Kb3 Nc1+ 55. Kc3 1/2-1/2

[Event "24th Chicago Open"]
[Site "Wheeling, IL"]
[Date "2015.05.22"]
[Round "2"]
[White "Troff, Kayden"]
[Black "Kiewra, Keaton"]
[Result "1/2-1/2"]
[WhiteElo "2556"]
[BlackElo "2394"]
[PlyCount "200"]
[EventDate "2015.05.??"]
[EventType "swiss"]
[EventRounds "9"]
[EventCountry "USA"]
[Source "MonRoi"]

1. d4 d5 2. c4 e6 3. Nf3 Nf6 4. Nc3 Be7 5. Bg5 h6 6. Bxf6 Bxf6 7. e3 O-O 8. Qc2
b6 9. cxd5 exd5 10. Be2 c5 11. dxc5 bxc5 12. O-O Be6 13. Rfd1 Bxc3 14. Qxc3 Qb6
15. Ne5 Rd8 16. Rac1 Nd7 17. Nxd7 Rxd7 18. Qxc5 Qxb2 19. Bb5 Rb7 20. Bd3 Rab8
21. a4 Rb3 22. h3 g6 23. Rc2 Qa3 24. Bb5 Qxc5 25. Rxc5 Rb6 26. Rd2 Rb1+ 27. Kh2
h5 28. Kg3 Kg7 29. Rd4 Rb2 30. h4 Rb7 31. Rf4 Rb3 32. Be2 R3b4 33. Rxb4 Rxb4
34. a5 Rb7 35. Bf3 Rd7 36. Rc6 d4 37. exd4 Rxd4 38. Rc7 Bg4 39. Rxa7 Bxf3 40.
gxf3 Ra4 41. f4 Ra3+ 42. f3 Ra4 43. a6 Kf6 44. f5 gxf5 45. Ra8 Kg7 46. a7 Kf6
47. Kf2 Ra2+ 48. Ke3 Ra3+ 49. Kd4 Ra4+ 50. Kc5 Ra1 51. Kc6 Ra2 52. Kd7 Ra1 53.
Ke8 Kg7 54. Ke7 Ra2 55. Kd6 Kf6 56. Kc5 Ra1 57. Kb6 Rb1+ 58. Kc7 Ra1 59. Kc6
Ra2 60. Kc5 Ra1 61. Kd4 Ra4+ 62. Kd5 Ra5+ 63. Kc4 Ra1 64. Kd3 Ra3+ 65. Ke2 Ra2+
66. Ke3 Ra3+ 67. Kf2 Kg7 68. Kg2 Ra2+ 69. Kg3 Ra4 70. f4 Ra3+ 71. Kf2 Kf6 72.
Ke2 Ra2+ 73. Ke3 Ra3+ 74. Kd4 Ra1 75. Kc5 Ra2 76. Kb6 Rb2+ 77. Kc6 Ra2 78. Kd6
Rd2+ 79. Kc7 Ra2 80. Kd7 Ra1 81. Kd8 Ra2 82. Ke8 Kg7 83. Ke7 Ra1 84. Kd6 Ra6+
85. Kc5 Ra1 86. Kd5 Ra5+ 87. Kc6 Ra1 88. Kc5 Ra2 89. Kb4 Ra1 90. Kb3 Ra6 91.
Kb2 Ra5 92. Kc3 Ra1 93. Kd4 Ra4+ 94. Kd5 Ra5+ 95. Kc6 Ra1 96. Kd7 Ra2 97. Kc7
Ra1 98. Kb7 Rb1+ 99. Kc7 Ra1 100. Kb7 Rb1+ 1/2-1/2

[Event "24th Chicago Open"]
[Site "Wheeling, IL"]
[Date "2015.05.22"]
[Round "2"]
[White "Homa, Seth"]
[Black "Georgiev, Vladimir"]
[Result "0-1"]
[WhiteElo "2366"]
[BlackElo "2550"]
[PlyCount "118"]
[EventDate "2015.05.??"]
[EventType "swiss"]
[EventRounds "9"]
[EventCountry "USA"]
[Source "MonRoi"]

1. d4 Nf6 2. Nf3 d5 3. c4 c6 4. Nc3 a6 5. c5 g6 6. Bf4 Bg7 7. e3 O-O 8. h3 Nbd7
9. Be2 Ne4 10. Rc1 e5 11. Bh2 exd4 12. exd4 Re8 13. O-O Nf8 14. Na4 Ne6 15. Nb6
Bd7 16. Nxa8 Qxa8 17. Re1 Qd8 18. Bd3 N4g5 19. Nxg5 Qxg5 20. Be5 Nxd4 21. h4
Qxh4 22. Bxg7 Kxg7 23. Rxe8 Bxe8 24. Qe1 Ne6 25. b4 Qg5 26. Bf1 Bd7 27. Rd1 h5
28. Qc3+ Qf6 29. Qe3 h4 30. Re1 g5 31. Rd1 g4 32. Be2 Nf4 33. g3 hxg3 34. fxg3
Nxe2+ 35. Qxe2 Bf5 36. Qe3 Be4 37. Qd4 Qxd4+ 38. Rxd4 Kf6 39. Kf2 Ke5 40. Ke3
f6 41. Rd2 f5 42. Rd1 Bf3 43. Rd4 Be4 44. Rd1 f4+ 45. gxf4+ Kf5 46. Rf1 g3 47.
a3 Kg4 48. Re1 g2 49. Rg1 Kg3 50. Rc1 Bf5 51. Rg1 Bg4 52. Rc1 d4+ 53. Kxd4 Kxf4
54. Rg1 Bf3 55. Re1 Be2 56. Rg1 Bf1 57. a4 Kf5 58. Kc3 Ke4 59. b5 a5 0-1

[Event "24th Chicago Open"]
[Site "Wheeling, IL"]
[Date "2015.05.22"]
[Round "2"]
[White "Mandizha, Farai"]
[Black "Holt, Conrad"]
[Result "0-1"]
[WhiteElo "2364"]
[BlackElo "2533"]
[PlyCount "70"]
[EventDate "2015.05.??"]
[EventType "swiss"]
[EventRounds "9"]
[EventCountry "USA"]
[Source "MonRoi"]

1. e4 e6 2. d4 d5 3. Nc3 Bb4 4. e5 c5 5. a3 Bxc3+ 6. bxc3 Ne7 7. Qg4 O-O 8. Bd3
Nbc6 9. Qh5 Ng6 10. Nf3 Qc7 11. Be3 c4 12. Bxg6 fxg6 13. Qg4 Qf7 14. Ng5 Qe8
15. h4 Bd7 16. Nh3 Ne7 17. Nf4 h6 18. a4 Rc8 19. Bc1 Rf5 20. Qe2 h5 21. a5 Rc6
22. g4 hxg4 23. Qxg4 Ra6 24. Ke2 Qf7 25. Rb1 b6 26. axb6 axb6 27. Be3 Be8 28.
Kd2 b5 29. Rbg1 Ra2 30. Rg2 b4 31. cxb4 Nc6 32. Nxg6 c3+ 33. Kxc3 Nxe5 34. dxe5
Qc7+ 35. Bc5 Bxg6 0-1

[Event "24th Chicago Open"]
[Site "Wheeling, IL"]
[Date "2015.05.22"]
[Round "2"]
[White "Molner, Mackenzie"]
[Black "Brown, Michael"]
[Result "0-1"]
[WhiteElo "2507"]
[BlackElo "2337"]
[PlyCount "172"]
[EventDate "2015.05.??"]
[EventType "swiss"]
[EventRounds "9"]
[EventCountry "USA"]
[Source "MonRoi"]

1. e4 e5 2. Nf3 Nc6 3. Bb5 a6 4. Ba4 Nf6 5. O-O Be7 6. Re1 b5 7. Bb3 d6 8. c3
O-O 9. h3 Nb8 10. d4 Nbd7 11. Nbd2 Bb7 12. Bc2 Re8 13. a4 Bf8 14. Bd3 c6 15.
Qc2 Qc7 16. b4 g6 17. Bb2 Nb6 18. axb5 axb5 19. c4 bxc4 20. Nxc4 Rxa1 21. Bxa1
Nxc4 22. Qxc4 d5 23. exd5 e4 24. dxc6 exd3 25. Rxe8 Nxe8 26. d5 Bc8 27. Qxd3
Qf4 28. b5 Qc1+ 29. Qf1 Qc5 30. Qe2 Qc1+ 31. Kh2 Bd6+ 32. Be5 Qc5 33. Bg3 Bxg3+
34. fxg3 Nd6 35. Qe5 Nxb5 36. Ng5 Qd6 37. Qe8+ Qf8 38. Qe3 Nd6 39. Qf4 Qe7 40.
Nf3 f6 41. Qb4 Qc7 42. Qf4 Kg7 43. Nd4 Qe7 44. Nf3 g5 45. Qd4 Nf5 46. Qc3 Qd6
47. Nxg5 Qxd5 48. Nf3 Qd6 49. Nd2 Ne7 50. c7 Nd5 51. Qd4 Qc6 52. Nc4 Nxc7 53.
Ne3 Be6 54. Qf4 Nd5 55. Nxd5 Qxd5 56. Qe3 Qe5 57. Qa7+ Kg6 58. Qf2 Bd5 59. Kh1
Qe4 60. Kh2 h5 61. h4 Be6 62. Qf1 Bg4 63. Qf2 Qe5 64. Qf1 Kf7 65. Qc4+ Qe6 66.
Qc7+ Kg6 67. Qc2+ f5 68. Qd2 Qe2 69. Qd6+ Kf7 70. Qd7+ Kf6 71. Qd6+ Qe6 72. Qd2
Ke7 73. Qf4 Kd7 74. Qd4+ Qd6 75. Qa7+ Ke6 76. Qe3+ Qe5 77. Qb6+ Kd5 78. Qa5+
Ke6 79. Qb6+ Qd6 80. Qe3+ Kf7 81. Qf2 Kg6 82. Qe3 f4 83. gxf4 Kf5 84. Kg3 Qd5
85. Qc3 Be2 86. Qc8+ Ke4 0-1

[Event "24th Chicago Open"]
[Site "Wheeling, IL"]
[Date "2015.05.22"]
[Round "2"]
[White "Liang, Awonder"]
[Black "Friedel, Joshua"]
[Result "1/2-1/2"]
[WhiteElo "2335"]
[BlackElo "2505"]
[PlyCount "115"]
[EventDate "2015.05.??"]
[EventType "swiss"]
[EventRounds "9"]
[EventCountry "USA"]
[Source "MonRoi"]

1. e4 e5 2. Nf3 Nc6 3. Bb5 a6 4. Ba4 Nf6 5. O-O Be7 6. Re1 b5 7. Bb3 d6 8. c3
O-O 9. h3 Nb8 10. d4 Nbd7 11. a4 Bb7 12. Bc2 Re8 13. Nbd2 Bf8 14. Bd3 c6 15.
Rb1 Qc7 16. Qc2 g6 17. b3 Nh5 18. Bb2 Nf4 19. Bf1 Bg7 20. b4 Ne6 21. Nb3 Nb6
22. axb5 axb5 23. dxe5 dxe5 24. Bc1 Bc8 25. Be3 Nf8 26. Na5 h6 27. c4 Nxc4 28.
Nxc4 bxc4 29. Bxc4 Bb7 30. Rec1 Qe7 31. Bc5 Qf6 32. Rd1 Red8 33. Ra1 Rxd1+ 34.
Rxd1 Ne6 35. Bd6 Nd4 36. Nxd4 Qxd6 37. Nf5 Qc7 38. Nd6 Kh7 39. Bxf7 Bf8 40.
Nxb7 Qxf7 41. Qxc6 Ra2 42. Qd7 Rxf2 43. Qxf7+ Rxf7 44. Nc5 Ra7 45. Rd7+ Rxd7
46. Nxd7 Bxb4 47. Nxe5 Kg7 48. Kf2 Bc3 49. Nf3 Kf6 50. Ke3 Bb2 51. Kd3 Ke6 52.
g4 Bf6 53. Ke3 Bb2 54. Ne1 Bf6 55. Nd3 Bc3 56. Nf4+ Kf7 57. Nd3 Ke6 58. Nf4+
1/2-1/2

[Event "24th Chicago Open"]
[Site "Wheeling, IL"]
[Date "2015.05.22"]
[Round "2"]
[White "Fishbein, Alexander"]
[Black "Shetty, Atulya"]
[Result "0-1"]
[WhiteElo "2499"]
[BlackElo "2331"]
[PlyCount "116"]
[EventDate "2015.05.??"]
[EventType "swiss"]
[EventRounds "9"]
[EventCountry "USA"]
[Source "MonRoi"]

1. e4 c5 2. Nf3 d6 3. d4 cxd4 4. Nxd4 Nf6 5. Nc3 Nc6 6. Be2 e5 7. Nf3 h6 8. O-O
Be7 9. Re1 O-O 10. h3 Be6 11. Bf1 Qa5 12. Bd2 Qd8 13. Na4 d5 14. exd5 Qxd5 15.
c4 Qd6 16. Bc3 Nd7 17. Qxd6 Bxd6 18. Rab1 Rfd8 19. b4 Nb6 20. Nxb6 axb6 21. b5
Na5 22. Nxe5 Bxe5 23. Rxe5 Bxc4 24. Bxa5 Bxa2 25. Bxb6 Bxb1 26. Bxd8 Rxd8 27.
Bc4 Kf8 28. b6 Rd6 29. Rb5 Be4 30. f3 Bc6 31. Rb2 Rd4 32. Rc2 Ba4 33. Rc3 Rd6
34. Ra3 Bd7 35. Rd3 Rxd3 36. Bxd3 Ke7 37. Be4 Bc8 38. Kf2 Kd6 39. Ke3 Kc5 40.
f4 Kxb6 41. Kd4 Kc7 42. Ke5 Bd7 43. Bd3 f6+ 44. Kd5 Bc6+ 45. Ke6 Bxg2 46. h4
Bh3+ 47. Kf7 g5 48. fxg5 fxg5 49. hxg5 hxg5 50. Kf6 g4 51. Bf5 Kd6 52. Kg5 Ke5
53. Bd7 Ke4 54. Kh4 Kf3 55. Kg5 g3 56. Bxh3 b5 57. Bf1 b4 58. Kh4 g2 0-1